Europäische Hauptstädte von Nord nach Süd - Statistiken

Allgemein
  • Dieses Quiz wurde 88 mal gespielt
  • Das Durchschnittsergebnis liegt bei 29 aus 45
Antwortstatistiken
Breitengrad Hauptstadt % Korrekt
64°08'N Reykjavik
100%
59°55'N Oslo
98%
60°10'N Helsinki
97%
59°20'N Stockholm
97%
55°45'N Moskau
92%
56°57'N Riga
92%
59°26'N Tallinn
90%
55°41'N Kopenhagen
89%
54°41'N Vilnius
86%
52°31'N Berlin
83%
53°54'N Minsk
83%
52°22'N Amsterdam
81%
52°13'N Warschau
79%
53°21'N Dublin
78%
51°31'N London
76%
50°51'N Brüssel
75%
48°51'N Paris
75%
50°05'N Prag
73%
50°27'N Kiew
71%
49°37'N Luxemburg
71%
48°12'N Wien
70%
48°09'N Bratislava
67%
47°30'N Budapest
62%
37°59'N Athen
60%
46°56'N Bern
60%
35°54'N Valletta
57%
45°49'N Zagreb
54%
41°53'N Rom
52%
47°08'N Vaduz
52%
38°43'N Lissabon
51%
46°03'N Ljubljana
51%
47°01'N Chişinău
49%
40°25'N Madrid
49%
44°49'N Belgrad
48%
44°26'N Bukarest
48%
41°20'N Tirana
48%
41°54'N Vatikanstadt
46%
43°44'N Monaco
43%
42°42'N Sofia
43%
43°56'N San Marino
41%
42°26'N Podgorica
40%
42°40'N Pristina
38%
42°00'N Skopje
38%
43°52'N Sarajevo
37%
42°30'N Andorra la Vella
33%
Keine übereinstimmenden Quizze gefunden
Verteilung der Resultate
Anzahl Personen mit jedem Resultat
Perzentil nach korrekt beantworteten Fragen
Ihre Resultats-Entwicklung
Sie haben dieses Quiz noch nicht gespielt